| 000 | 00721nam a2200205 i 4500 | ||
|---|---|---|---|
| 001 | 188422 | ||
| 003 | SpMaBN | ||
| 005 | 20250720091904.0 | ||
| 008 | 180920s2016 sp a |||| | spa d | ||
| 020 | _a978-84-945230-8-3 | ||
| 080 | _a821.134.2-31"19" | ||
| 100 | 1 |
_aMartín Bermúdez, Santiago. _977416 |
|
| 245 | 1 | 3 |
_aEl viaje de los fingidos / _cSantiago Martín Bermúdez ; prólogo de José Manuel Lucía Megías. |
| 260 |
_a[Barcelona] : _bCumbres ; _a[Madrid] : _bBagua, _c[2016] |
||
| 300 |
_a289 p. : _bil. ; _c21 cm. |
||
| 700 | 1 |
_aLucía Megías, José Manuel, _d1967- _9240291 |
|
| 852 |
_aES-MaACL _jA-14252 _9 195552 _bR.151527 _cDEPO1 _dOlim: N-7252 |
||
| 942 | _2udc | ||
| 999 |
_c188422 _d188422 |
||